000 00406nam a2200145Ia 4500
008 230917s9999||||xx |||||||||||||| ||und||
040 _e87482
_aMAIN
041 _aEnglish
082 _a791.4303 R753C
100 _aRoud, Richard, ed
245 0 _aCinema: a critical dictionary; the major film makers, v1:aldrich tking
260 _aNew York
_bThe Viking Press
_c1980
300 _ax, 550 p.
942 _cBK
999 _c84991
_d84991